000
00313nam a22001337a 4500
008
170526b xxu||||| |||| 00| 0 eng d
020
_a
9783772394416
041
_a
ger
080
_a
621.38
100
_a
27
101
_a
IM
245
_a
MIKROPROZESSOREN IN DER MEB-UND REGELTECHNIK
_c
LEDIG,G
942
_2
udc
_c
BK
999
_c
14534
_d
14534